[Event "XIV Salona GM"]
[Site "Solin CRO"]
[Date "2006.11.28"]
[Round "5"]
[White "Mkrtchian,L"]
[Black "Romanishin,O"]
[Result "1/2-1/2"]
[WhiteElo "2468"]
[BlackElo "2542"]

1.d4 Nf6 2.c4 e6 3.Nf3 b6 4.Nc3 Bb7 5.a3 g6 6.Qc2 Bxf3 7.exf3 Bg7 8.Bg5 h6
9.Be3 c6 10.O-O-O d5 11.h4 Nbd7 12.g4 dxc4 13.Bxc4 Nd5 14.Kb1 N7f6 15.Ne4 Qd7
16.Bc1 O-O-O 17.Bb3 Kb8 18.Rhe1 Ne8 19.Rd3 Rc8 20.Ba4 h5 21.Rh1 Nd6 22.Qe2 Nb5
23.Qd1 Ka8 24.Bg5 f5 25.Ng3 hxg4 26.fxg4 Nd6 27.f3 Nf7 28.Bc1 Qd6 29.Qe1 c5
30.dxc5 bxc5 31.gxf5 gxf5 32.Nxf5 exf5 33.Qd2 Bd4 34.f4 Nf6 35.Bd1 Ne4 36.Bf3 Qe6
37.Qc2 Nd6 38.h5 a6 39.Rh2 Ka7 40.Rg2 Rh7 41.Rg6 Qd5 42.Be3 Rb8 43.Bxd4 cxd4
44.h6 Nc4 45.b4 Qb5 46.Ka2 Nc3+ 47.Rxc3 dxc3 48.Qxc3 Rd7 49.Bc6 Qb6 50.Qxc4 Rc7  1/2-1/2

[Event "XV Asiad Men's Rapid"]
[Site "Doha QAT"]
[Date "2006.12.02"]
[Round "3"]
[White "Laylo,D"]
[Black "Ghaem Maghami,E"]
[Result "1/2-1/2"]
[WhiteElo "2448"]
[BlackElo "2581"]

1.d4 Nf6 2.Nf3 e6 3.c4 b6 4.Nc3 Bb7 5.e3 Be7 6.Bd3 c5 7.O-O d5 8.cxd5 exd5
9.Ne5 O-O 10.f4 Nc6 11.Ne2 Ne4 12.b3 Nb4 13.Bb1 f6 14.Nd3 Rc8 15.Nxb4 cxb4
16.Bd3 Qd7 17.Bd2 Rc7 18.Rc1 Rfc8 19.Rxc7 Rxc7 20.Nc1 Bc6 21.Qe2 a5 22.Rd1 Nd6
23.Be1 Bb5 24.Qh5 Ne4 25.Qe2 Bxd3 26.Nxd3 Nc3 27.Bxc3 bxc3 28.Ne1 b5 29.e4 dxe4
30.Qxe4 f5 31.Qd3 Qd5 32.Nc2 g6 33.Re1 Bf6 34.Kf2 Kg7 35.Rd1 b4 36.Qf3 Qb5
37.g3 Rd7 38.d5 Be7 39.Qe2 Bc5+ 40.Kf1 Qxe2+ 41.Kxe2 Kf7 42.Rd3 Ke7 43.Ne1 a4
44.Nf3 axb3 45.axb3 Ra7 46.Ne5 Ra3 47.Nc4 Rxb3 48.Kd1 c2+ 49.Kxc2 Rxd3 50.Kxd3 Bg1
51.h3 Bh2 52.Kd4 Bxg3 53.Ke5 b3 54.d6+ Kd7 55.Nb6+ Kc6 56.Nc4 Kd7 57.Nb6+ Kd8
58.Nc4 g5 59.Kxf5 Bxf4 60.Ke6 h5 61.Na5 Bxd6 62.Nxb3 g4  1/2-1/2

[Event "XV Asiad Men's Rapid"]
[Site "Doha QAT"]
[Date "2006.12.02"]
[Round "3"]
[White "Nguyen Anh Dung"]
[Black "Sadvakasov,D"]
[Result "1-0"]
[WhiteElo "2541"]
[BlackElo "2596"]

1.d4 Nf6 2.Nf3 e6 3.c4 b6 4.Nc3 Bb7 5.Bg5 Bb4 6.e3 h6 7.Bh4 Bxc3+ 8.bxc3 d6
9.Nd2 Nbd7 10.f3 Qe7 11.Bd3 O-O-O 12.a4 a5 13.O-O g5 14.Bf2 Rdg8 15.e4 Nh5
16.g3 Ng7 17.Qe2 h5 18.c5 dxc5 19.Nb3 g4 20.Ba6 cxd4 21.cxd4 gxf3 22.Bxb7+ Kxb7
23.Qb5 Nb8 24.Nxa5+ Ka8 25.Nc6 Qe8 26.a5 Nxc6 27.axb6+ Kb8 28.Rfc1  1-0

[Event "XV Asiad Men's Rapid"]
[Site "Doha QAT"]
[Date "2006.12.03"]
[Round "4"]
[White "Batchuluun,C"]
[Black "Kojima,S"]
[Result "1-0"]
[WhiteElo "2404"]
[BlackElo "2187"]

1.d4 Nf6 2.c4 e6 3.Nf3 b6 4.Nc3 Bb7 5.a3 d5 6.cxd5 Nxd5 7.e3 g6 8.Bb5+ c6
9.Bd3 Bg7 10.O-O Qc7 11.Bd2 O-O 12.Rc1 Nd7 13.b4 Rac8 14.Qa4 Qb8 15.Nxd5 exd5
16.Rc2 Rfe8 17.Rfc1 h6 18.h3 Re6 19.Qb3 Rce8 20.a4 Bf8 21.a5 Bd6 22.a6 Ba8
23.Bc3 Qd8 24.Bb2 Rf6 25.Be2 Qe7 26.b5 c5 27.dxc5 Nxc5 28.Bxf6 Qxf6 29.Qb2 Qe7
30.Rd1 Ne4 31.Bd3 Ng5 32.Nxg5 hxg5 33.Be2 d4 34.Qxd4 Rd8 35.Kf1  1-0

[Event "XV Asiad Women's Rapid"]
[Site "Doha QAT"]
[Date "2006.12.04"]
[Round "8"]
[White "Geldyeva,M"]
[Black "Koneru,H"]
[Result "0-1"]
[WhiteElo "2273"]
[BlackElo "2545"]

1.d4 Nf6 2.c4 e6 3.Nf3 b6 4.Nc3 Bb7 5.Bg5 d5 6.e3 Be7 7.cxd5 exd5 8.Bd3 O-O
9.Qc2 Nbd7 10.O-O c5 11.Ne5 h6 12.Bh4 Nxe5 13.dxe5 Ng4 14.Bg3 Bh4 15.Qe2 Bxg3
16.Qxg4 Bxe5 17.Qf5 Re8 18.Qh7+ Kf8 19.Bb5 Re6 20.Rad1 Rd6 21.Rd3 c4 22.Rd2 a6
23.Ba4 Qf6 24.Rc1 Qg6 25.Qxg6 fxg6 26.Ne2 b5 27.Bd1 d4 28.Nxd4 Bxd4 29.exd4 Rad8
30.Bc2 Rxd4 31.Rxd4 Rxd4 32.Kf1 Kf7 33.Ke2 Bxg2 34.f3 Bh3 35.Be4 Rd6 36.b3 Be6
37.b4 g5 38.Bb7 Rb6 39.Be4 Ke7 40.Ke3 Rd6 41.Rg1 Bd5 42.Bf5 Kf6 43.Bc8 Ke5
44.h4 Rf6 45.hxg5 Rxf3+ 46.Ke2 Ra3 47.gxh6 Rxa2+ 48.Ke3 gxh6 49.Rg6 a5 50.bxa5 Rxa5
51.Rxh6 Ra3+ 52.Ke2 b4 53.Rb6 b3 54.Ke3 b2+ 55.Kd2 c3+  0-1

[Event "ch-RUS w"]
[Site "Gorodets RUS"]
[Date "2006.12.04"]
[Round "4"]
[White "Galliamova,A"]
[Black "Kovalevskaya,E"]
[Result "1-0"]
[WhiteElo "2470"]
[BlackElo "2434"]

1.d4 Nf6 2.c4 e6 3.Nf3 b6 4.Nc3 Bb7 5.Bg5 Be7 6.Qc2 c5 7.Rd1 cxd4 8.Nxd4 d6
9.Qa4+ Nbd7 10.Bxf6 Bxf6 11.Ndb5 O-O 12.Qa3 d5 13.cxd5 exd5 14.Nxd5 Bxd5
15.Rxd5 Qc8 16.Nc3 Nc5 17.g3 Be7 18.Nd1 Qe6 19.Bg2 Rad8 20.Ne3 Ne4 21.Qb3 Rxd5
22.Qxd5 Bb4+ 23.Kf1 Nd2+ 24.Kg1 Qc8 25.h4 Rd8 26.Qb5 Qc5 27.Qxc5 Bxc5 28.Nd5 Nc4
29.b4 Bf8 30.Kh2 Nd6 31.Rc1 Rc8 32.Rxc8 Nxc8 33.b5 Bc5 34.e3 Ne7 35.Nf4 Bd6
36.Nd3 f5 37.Kh3 Kf7 38.g4 g6 39.gxf5 gxf5 40.Ne1 Kf6 41.Bb7 h6 42.Kg2 f4
43.Kf3 fxe3 44.fxe3 Ng6 45.Ng2 Ne7 46.Ke4 Bg3 47.Kf3 Bd6 48.Be4 Be5 49.Kg4 Bd6
50.Ne1 Bc5 51.Kf4 Bd6+ 52.Kf3 Nc8 53.Nd3 Ne7 54.Nf2 Kg7 55.Ng4 Ng8 56.Bd3 Nf6
57.Nf2 Kf7 58.Bf5 Nd5 59.Ng4 Kg7 60.a4 Be7 61.h5 Nf6 62.Ne5 Nxh5 63.Nc6 Bc5
64.Nxa7 Nf6 65.e4 Ng8 66.Nc6 Ne7 67.Kf4 Kf7 68.Ke5 Nxc6+ 69.bxc6 Ke7 70.Kd5 Bd6
71.e5 Bc7 72.e6 Bd8 73.Bg4 Bc7 74.Kc4 Kd6 75.Kb5 Bd8 76.e7 Kxe7 77.Ka6 Kd6
78.Kb7 Bc7 79.Bf3 Bd8 80.Kc8 Bc7 81.Kb7 Bd8 82.Bh5 Bc7 83.Bg6 Bd8 84.Be8 Bc7
85.Bd7 Bd8 86.Bg4 Bc7 87.Bf3 Bd8 88.Kc8 Bc7 89.Bg2 h5 90.Bf3 h4 91.Bg2 h3
92.Bxh3 Kxc6 93.Bd7+  1-0

[Event "Polyarniy Krug"]
[Site "Salekhard RUS"]
[Date "2006.12.04"]
[Round "6"]
[White "Temirbaev,S"]
[Black "Matvienko,I"]
[Result "1-0"]
[WhiteElo "2490"]
[BlackElo "2194"]

1.d4 Nf6 2.c4 e6 3.Nf3 b6 4.Nc3 Bb4 5.Bg5 h6 6.Bh4 O-O 7.e3 Bb7 8.Bd3 c5
9.O-O cxd4 10.exd4 d5 11.cxd5 Bxc3 12.bxc3 g5 13.Bg3 Nxd5 14.Rc1 Nc6 15.Re1 Rc8
16.Bb1 Re8 17.h4 g4 18.Ne5 h5 19.Nxc6 Rxc6 20.c4 Nf6 21.Qd2 Rc5 22.Be5 Ne4
23.Bxe4 Rxe5 24.Bxb7 Rxe1+ 25.Rxe1 Qxh4 26.Bc6 Rc8 27.d5 Qf6 28.Bd7 Rd8 29.dxe6 fxe6
30.Bxe6+ Kg7 31.Bd5  1-0

[Event "Polyarniy Krug"]
[Site "Salekhard RUS"]
[Date "2006.12.05"]
[Round "7"]
[White "Obodchuk,A"]
[Black "Savitskaya,N"]
[Result "1-0"]
[WhiteElo "2406"]
[BlackElo "1932"]

1.d4 Nf6 2.c4 e6 3.Nc3 b6 4.Nf3 Bb7 5.a3 Be7 6.d5 exd5 7.cxd5 d6 8.e4 Nbd7
9.Bd3 O-O 10.O-O Ne5 11.Bc2 Re8 12.Nd4 Bf8 13.Ba4 Ned7 14.Bg5 Be7 15.Nf5 Nxd5
16.Nxd5 Bxg5 17.Qg4 Bxd5 18.exd5 g6 19.Bxd7 h5 20.Qa4 gxf5 21.Bxe8 Qxe8 22.Qxe8+ Rxe8
23.Rfe1 Re5 24.Rxe5 dxe5 25.Re1 f6 26.Re2 Kf7 27.Rc2  1-0

[Event "ch-ROM"]
[Site "Predeal ROM"]
[Date "2006.12.06"]
[Round "10"]
[White "Jianu,V"]
[Black "Sofronie,I"]
[Result "1-0"]
[WhiteElo "2502"]
[BlackElo "2421"]

1.d4 Nf6 2.c4 e6 3.Nf3 b6 4.Nc3 Bb4 5.Bg5 h6 6.Bh4 Bb7 7.Nd2 Bxc3 8.bxc3 d6
9.f3 Nbd7 10.e3 O-O 11.Bd3 Qe8 12.O-O Nh7 13.a4 a5 14.Qc2 f5 15.Rab1 Bc6
16.Rfe1 Ndf6 17.Ra1 Qh5 18.Bg3 Qf7 19.c5 bxc5 20.dxc5 Nh5 21.Bf2 N7f6 22.cxd6 cxd6
23.Nb3 Rfc8 24.Nd4 Nd5 25.Qd2 Bd7 26.Rec1 Kh8 27.Nb5 Qe7 28.Bxf5 Nxc3 29.Bg6 Nxb5
30.axb5 Rxc1+ 31.Rxc1 Nf6 32.b6 a4 33.Bd3 d5 34.Qc3 Rc8 35.b7  1-0

[Event "6th Amplico AIG Life"]
[Site "Warsaw POL"]
[Date "2006.12.16"]
[Round "4"]
[White "Halkias,S"]
[Black "Akesson,R"]
[Result "0-1"]
[WhiteElo "2571"]
[BlackElo "2467"]

1.d4 Nf6 2.c4 e6 3.Nf3 b6 4.Nc3 Bb7 5.Bg5 Be7 6.Qc2 h6 7.Bh4 c5 8.dxc5 bxc5
9.e3 Nc6 10.Be2 O-O 11.Rd1 d6 12.O-O Nh5 13.Qb3 Rb8 14.Bxe7 Qxe7 15.Qc2 Nf6
16.Rd2 Rfd8 17.Rfd1 Ba8 18.b3 a6 19.Qb1 Qc7 20.h3 Qa5 21.Qb2 Qc7 22.Qc1 Ne7
23.Ne1 Ne4 24.Nxe4 Bxe4 25.Bf3 Bc6 26.Rd3 Rd7 27.Qc3 a5 28.Qd2 Rbd8 29.Rb1 Qb6
30.Qc3 Qb4 31.Qc1 Qb6 32.Rd1 Rb8 33.Qc2 Qa6 34.Nd3 Bxf3 35.gxf3 Qc6 36.Qe2 Ng6
37.f4 f5 38.Qh5 Kh7 39.Kh2 a4 40.Rg1 Nf8 41.Qe2 Rdb7 42.Qc2 axb3 43.Rxb3 Rxb3
44.axb3 Ra8 45.b4 cxb4 46.Nxb4 Qb7 47.Nd3 Ng6 48.Kg3 e5 49.c5 Qe4 50.Rc1 Ra3
51.Ne1 Qxf4+ 52.Kg2 Qg5+ 53.Kf1 Qh5 54.cxd6 Qxh3+ 55.Kg1 Ra6 56.Qc5 Ra4 57.Rc4 Ra1
58.Rc1 Qg4+ 59.Kf1 Ra2 60.Rc2 Ra1 61.Rc1 Ra8 62.Qd5 Rd8 63.Rc7 e4 64.Ng2 Rb8
65.Rc1 Rb2 66.Qd1 Qh3 67.Kg1 Ne5 68.Qd5 Nf3+  0-1

[Event "6th Amplico AIG Life"]
[Site "Warsaw POL"]
[Date "2006.12.17"]
[Round "10"]
[White "Ajrapetjan,Y"]
[Black "Jakubowski,Mar"]
[Result "1-0"]
[WhiteElo "2403"]
[BlackElo "2229"]

1.d4 Nf6 2.c4 e6 3.Nf3 b6 4.Nc3 d5 5.cxd5 exd5 6.g3 Be7 7.Bg2 O-O 8.O-O Bb7
9.Ne5 Re8 10.Qb3 Bf8 11.Bg5 c6 12.e4 Qd6 13.Bxf6 gxf6 14.Ng4 h5 15.e5 fxe5
16.dxe5 Rxe5 17.Nxe5 Qxe5 18.Rfe1 Qf6 19.Qd1 Qg6 20.Re5 h4 21.gxh4 f6 22.Re3 Kh8
23.Rg3 Qh7 24.Qd4 Nd7 25.Bh3 Ne5 26.Qf4 Qh6 27.Qxh6+ Bxh6 28.Ne2 Re8 29.Bf1 c5
30.f4 Nc4 31.Kf2 d4 32.Rg6 Bg7 33.Nxd4 Ne3 34.Bb5 Re7 35.Nf3 Nc2 36.Rc1 Bxf3
37.Rxc2 Be4 38.Re2 f5 39.Bd3 Bd4+ 40.Kg3 Kh7 41.h5 Kh8 42.Bxe4 fxe4 43.f5 e3
44.Kf3 b5 45.Re6 Rh7 46.h6 Rf7 47.Ke4 Kh7 48.b4 Rd7 49.f6 Kg6 50.Rg2+  1-0

[Event "44th National A ch-IND"]
[Site "Atul IND"]
[Date "2006.12.20"]
[Round "4"]
[White "Harika,D"]
[Black "Singh,DP"]
[Result "1/2-1/2"]
[WhiteElo "2353"]
[BlackElo "2507"]

1.d4 Nf6 2.Nf3 e6 3.c4 b6 4.Nc3 Bb7 5.Bg5 Be7 6.e3 O-O 7.Bd3 d5 8.O-O Nbd7
9.Qe2 Re8 10.Rfd1 Ne4 11.Bxe7 Qxe7 12.Rac1 Nxc3 13.Rxc3 c5 14.cxd5 exd5 15.Qc2 g6
16.Bb5 c4 17.b3 cxb3 18.Qxb3 Rec8 19.Rxc8+ Rxc8 20.Qa4 a5 21.Bxd7 Rc4 22.Qb5 Rb4
23.Qd3 Qxd7 24.a3 Rb2 25.Rc1 Qb5 26.Qxb5 Rxb5 27.h4 f6 28.g4 Rb3 29.g5 fxg5
30.Nxg5 Ba6 31.Rc7 h6 32.Ne6 Bd3 33.Rg7+ Kh8 34.Rf7 Rxa3 35.Rf8+ Kh7 36.Rf7+ Kh8
37.Rf8+ Kh7  1/2-1/2

[Event "44th National A ch-IND"]
[Site "Atul IND"]
[Date "2006.12.24"]
[Round "8"]
[White "Poobesh Anand,S"]
[Black "Ravi,Th"]
[Result "1-0"]
[WhiteElo "2416"]
[BlackElo "2335"]

1.d4 Nf6 2.c4 e6 3.Nf3 b6 4.Nc3 Bb4 5.Bg5 h6 6.Bh4 Bb7 7.Nd2 d5 8.Qa4+ Nc6
9.cxd5 exd5 10.e3 O-O 11.Bb5 Bxc3 12.bxc3 Na5 13.O-O Qd6 14.f3 Rac8 15.Rae1 c5
16.Bg3 Qe7 17.e4 dxe4 18.fxe4 cxd4 19.cxd4 Nxe4 20.Nxe4 Bxe4 21.d5 Qc5+ 22.Bf2 Bc2
23.Bxc5 Bxa4 24.Bxf8 Bxb5 25.Be7 Bxf1 26.Kxf1 Rc2 27.Bb4 Rc4 28.Re8+ Kh7
29.a3 Rd4 30.Re7 Kg6 31.Rd7 Nc4 32.Rxa7 Rxd5 33.Rc7 b5 34.a4 Ne3+ 35.Ke2 Re5
36.Rc6+ f6 37.Bc3 Re7 38.axb5 Nxg2+ 39.Kd3 Nf4+ 40.Kc4 Rd7 41.Bb4 Kf5 42.Ra6 Nd5  1-0

[Event "1st Hotel Bern Open"]
[Site "Bern SUI"]
[Date "2006.12.27"]
[Round "3"]
[White "Broennimann,M"]
[Black "Jaracz,P"]
[Result "0-1"]
[WhiteElo "2208"]
[BlackElo "2476"]

1.d4 Nf6 2.c4 e6 3.Nf3 b6 4.Nc3 Bb4 5.Qc2 Bb7 6.Bg5 h6 7.Bh4 Bxc3+ 8.Qxc3 g5
9.Bg3 Ne4 10.Qc2 d6 11.e3 Nd7 12.Nd2 f5 13.Nxe4 Bxe4 14.Qd1 Qf6 15.Qh5+ Ke7
16.Qe2 Bb7 17.f3 e5 18.Bf2 Rae8 19.O-O-O Rhg8 20.h3 Kd8 21.Qc2 Kc8 22.Qa4 a6
23.c5 b5 24.Qc2 dxc5 25.dxc5 e4 26.fxe4 Bxe4 27.Bd3 Re5 28.c6 Nc5 29.Bxe4 Nxe4
30.Kb1 Rc5 31.Qb3 Rc4 32.Be1 Qxc6 33.Rf1 Kb7 34.a3 Nc5  0-1

[Event "27th Open A"]
[Site "Bethune FRA"]
[Date "2006.12.29"]
[Round "8"]
[White "Feller,S"]
[Black "Fedorchuk,S"]
[Result "1-0"]
[WhiteElo "2424"]
[BlackElo "2599"]

1.d4 Nf6 2.c4 e6 3.Nf3 b6 4.Nc3 Bb7 5.Bg5 Be7 6.e3 h6 7.Bf4 d6 8.Bd3 Nbd7
9.e4 g5 10.Be3 g4 11.Ng1 c5 12.d5 Ne5 13.Nge2 Qd7 14.Bf4 Nxd3+ 15.Qxd3 exd5
16.exd5 Nh5 17.Bd2 Bf6 18.h3 O-O-O 19.hxg4 Qxg4 20.Qh3 Qxh3 21.Rxh3 Ng7 22.Rf3 Ne8
23.O-O-O Rd7 24.Rh1 h5 25.Rfh3 Rg8 26.g3 Ng7 27.Ne4 Bd8 28.Nf4 Ba6 29.b3 b5
30.cxb5 Bxb5 31.Nxh5 Nxh5 32.Rxh5 Bd3 33.Re1 Rg6 34.Re3 Bf1 35.b4 c4 36.Rh8 Kb7
37.Ra3 Bd3 38.Be3 a6 39.b5 Bxe4 40.bxa6+ Ka8 41.Bb6 Rh6 42.Re8 Bxd5 43.Bxd8 Re6
44.Rf8 Ka7 45.Bg5 Rc7 46.Be3+ Rxe3 47.fxe3 c3 48.Rd8 f5 49.Rxd6 Be4 50.Rd4 c2
51.Raa4 Rg7 52.Rxe4 fxe4 53.Rxe4 Rxg3 54.Kxc2 Kxa6 55.a4 Kb6 56.Kd3 Kc5 57.Re8 Rg4
58.Ra8 Rb4 59.a5 Ra4 60.a6 Rh4 61.e4 Rh3+ 62.Ke2 Kb6 63.Kf2 Rc3 64.Ke2 Rh3
65.Kf2 Rc3 66.a7 Kb7 67.Rb8+ Kxa7 68.Rb1 Rh3 69.e5 Rh5 70.Rb5 Ka6 71.Rd5 Kb6
72.Kf3 Rh4 73.e6 Kc7 74.Rd7+ Kc6 75.Rd8 Rh7 76.Kf4 Kc7 77.Rd1 Rh2 78.Kf5 Re2
79.Kf6 Rf2+ 80.Kg7 Re2 81.Kf7 Rf2+ 82.Ke8 Re2 83.e7 Rf2 84.Rc1+ Kb7 85.Rc4 Rf1
86.Kd7 Rd1+ 87.Ke6 Re1+ 88.Kf6 Rf1+ 89.Ke5  1-0

[Event "Masters"]
[Site "Singapore SIN"]
[Date "2006.12.29"]
[Round "8"]
[White "Vijayalakshmi,S"]
[Black "Nguyen Anh Dung"]
[Result "1/2-1/2"]
[WhiteElo "2424"]
[BlackElo "2541"]

1.d4 Nf6 2.c4 e6 3.Nf3 b6 4.Nc3 Bb7 5.a3 d5 6.cxd5 Nxd5 7.Qc2 Be7 8.e4 Nxc3
9.bxc3 O-O 10.Bd3 c5 11.O-O cxd4 12.cxd4 Ba6 13.Bxa6 Nxa6 14.Qe2 Nc7 15.Bf4 Bd6
16.Bxd6 Qxd6 17.Rfc1 f5 18.exf5 Rxf5 19.Ra2 Raf8 20.Rac2 Nd5 21.Rc8 h6 22.g3 Ne7
23.Rxf8+ Rxf8 24.Rc3 Qd5 25.a4 Rc8 26.Re3 Nf5 27.Rxe6 Nxd4 28.Re8+ Rxe8 29.Qxe8+ Kh7
30.Nxd4 Qxd4 31.h4 a6 32.h5 Qd3 33.Qc6 Qd8 34.Kg2 Qb8 35.Kf3 Qf8+ 36.Kg2 Qb8
37.Kf3 Kh8 38.Ke4 Qd8 39.f4 Qe7+ 40.Kf3 Qd8 41.Ke4 Qe7+ 42.Kf3  1/2-1/2

[Event "XVII Cracovia A"]
[Site "Krakow POL"]
[Date "2006.12.30"]
[Round "5"]
[White "Czerwonski,A"]
[Black "Jedynak,R"]
[Result "1-0"]
[WhiteElo "2382"]
[BlackElo "2559"]

1.d4 Nf6 2.c4 e6 3.Nf3 b6 4.Nc3 Bb4 5.Bg5 h6 6.Bh4 Bb7 7.e3 g5 8.Bg3 Ne4
9.Qc2 d6 10.Bd3 Bxc3+ 11.bxc3 Nxg3 12.fxg3 Nd7 13.O-O Qe7 14.Be4 O-O-O 15.Bxb7+ Kxb7
16.Qe4+ Kb8 17.a4 a5 18.Nd2 Ka7 19.Rab1 Nb8 20.Rb5 Qd7 21.Rf6 Rdf8 22.Qf3 Qe7
23.c5 dxc5 24.dxc5 Nd7 25.Qc6 Nxc5 26.Nc4 Rb8 27.Nxa5 Qxf6 28.Qxc7+ Ka6 29.Nc6 Nxa4
30.Rb4 Ra8 31.Rxa4+ Kb5  1-0

[Event "Petrovskaya Ladya IM"]
[Site "Peterhof RUS"]
[Date "2007.01.08"]
[Round "8"]
[White "Hermanov,A"]
[Black "Kuznetsov,G"]
[Result "0-1"]
[WhiteElo "2346"]
[BlackElo "2097"]

1.d4 Nf6 2.Nf3 b6 3.c4 e6 4.Nc3 Bb7 5.a3 d5 6.cxd5 Nxd5 7.e3 Be7 8.Bb5+ c6
9.Bd3 O-O 10.O-O Nxc3 11.bxc3 c5 12.Qe2 Nc6 13.Bb2 Rc8 14.Rad1 cxd4 15.exd4 Na5
16.Ne5 Qd5 17.f4 Qb3 18.Qh5 f5 19.Qe2 Bxa3 20.Bxa3 Qxa3 21.c4 Qc3 22.d5 exd5
23.cxd5 Bxd5 24.Bxf5 Qc5+  0-1

[Event "zt 3.3"]
[Site "Phu Quoc VIE"]
[Date "2007.01.13"]
[Round "3"]
[White "Dao Thien Hai"]
[Black "Nguyen Thien Viet"]
[Result "1/2-1/2"]
[WhiteElo "2559"]
[BlackElo "2302"]

1.d4 Nf6 2.c4 e6 3.Nf3 b6 4.Nc3 Bb4 5.Bg5 Bb7 6.e3 h6 7.Bh4 g5 8.Bg3 Ne4
9.Qc2 d6 10.Nd2 Bxc3 11.bxc3 Nxd2 12.Qxd2 Nd7 13.f3 Qe7 14.Bd3 f5 15.Qe2 O-O-O
16.O-O-O Rdf8 17.e4 f4 18.Bf2 e5 19.Bc2 Rhg8 20.Ba4 Nb8 21.c5 dxc5 22.dxc5 Rd8
23.Qc4 Rg6 24.Rxd8+ Qxd8 25.Rd1 Qg8 26.Qd3 Bc6 27.Bb3 Qe8 28.Rd2 h5 29.Kb2 g4
30.Qc4 gxf3 31.gxf3 Rg2 32.Qf1 Qg6 33.cxb6 axb6 34.a4 Rxh2 35.a5 bxa5 36.Qc4 a4
37.Ba2 h4 38.Qb4 h3 39.Qf8+ Be8 40.Ka3 Qc6 41.Bc4 Rg2 42.Qe7 Bd7 43.Qf8+ Be8
44.Qe7 Bd7  1/2-1/2

[Event "5th Parsvnath Open"]
[Site "New Delhi IND"]
[Date "2007.01.17"]
[Round "4"]
[White "Sriram,J"]
[Black "Sangma,R"]
[Result "1/2-1/2"]
[WhiteElo "2419"]
[BlackElo "2320"]

1.d4 Nf6 2.c4 e6 3.Nf3 b6 4.Nc3 Bb7 5.a3 d5 6.cxd5 Nxd5 7.Qc2 Nxc3 8.bxc3 Be7
9.e4 O-O 10.Bd3 c5 11.O-O Qc8 12.Qe2 Ba6 13.Rd1 Rd8 14.e5 Bxd3 15.Rxd3 Nc6
16.Qe4 cxd4 17.cxd4 Rd5 18.Bg5 h6 19.Be3 Bf8 20.h4 b5 21.h5 a5 22.Nh2 Ne7
23.Rc1 Qd8 24.g4 b4 25.axb4 axb4 26.Rb3 Qb6 27.Nf3 Ra3 28.Rcb1 Rxb3 29.Rxb3 Ra5
30.d5 Qb7 31.Rxb4 Qxd5 32.Qxd5 Nxd5 33.Rb8 Nxe3 34.fxe3 f6 35.Nh4 Kf7 36.Rb7+ Kg8
37.Rb8 Kf7 38.Rb7+ Kg8  1/2-1/2

[Event "ch-Kyiv"]
[Site "Kyiv UKR"]
[Date "2007.01.20"]
[Round "1"]
[White "Vdovichenko,V"]
[Black "Karnaukh,A"]
[Result "0-1"]
[WhiteElo "2069"]
[BlackElo "2253"]

1.d4 Nf6 2.c4 e6 3.Nf3 b6 4.Nc3 Bb7 5.g3 Ne4 6.Nxe4 Bxe4 7.Bg2 Bb4+ 8.Bd2 Bxd2+
9.Qxd2 O-O 10.O-O d6 11.Qf4 Bb7 12.e4 Nd7 13.Rfe1 Qe7 14.Rad1 Rad8 15.Qe3 a5
16.Qa3 e5 17.dxe5 Nxe5 18.Nxe5 Qxe5 19.f4 Qc5+ 20.Qxc5 dxc5 21.Kf2 Rd4 22.Rxd4 cxd4
23.e5 Bxg2 24.Kxg2 Rd8 25.Kf3 Kf8 26.Ke4 Ke7 27.f5 c5 28.b3 a4 29.Kd3 axb3
30.axb3 Ra8 31.Ke4 Kd7 32.Kd5 Kc7 33.e6 Rd8+ 34.Ke5 f6+ 35.Ke4 Ra8 36.b4 Ra3
37.bxc5 bxc5 38.e7 Kd7 39.Kf4 Ke8 40.g4 h6 41.Ke4 Kxe7 42.Kd5+ Re3 43.Ra1 Re5+
44.Kc6 h5 45.Ra7+ Kf8 46.h3 Kg8 47.Rd7 Kh7 48.Kb5 Kh6 49.Ka4 hxg4 50.hxg4 Re4
51.Kb5 Re5 52.Ka4 g6 53.fxg6 Kxg6 54.Kb3 Kg5 55.Rg7+ Kf4 56.Rg6 Re6 57.Kc2 Re3
58.Rxf6+ Kxg4 59.Rc6 Rc3+ 60.Kd2 Rxc4 61.Kd3 Rc3+ 62.Ke4 Kg3 63.Rf6 Kg2 64.Rf5 d3
65.Ke3 c4 66.Rg5+ Kh3 67.Rg8 Rc2 68.Kf3 Kh4 69.Kf4 Kh5 70.Rh8+ Kg6 71.Ke3 d2  0-1

[Event "GM"]
[Site "Geneve SUI"]
[Date "2007.01.23"]
[Round "4"]
[White "Huss,A"]
[Black "Cvitan,O"]
[Result "1/2-1/2"]
[WhiteElo "2342"]
[BlackElo "2536"]

1.d4 Nf6 2.Nf3 e6 3.c4 b6 4.Nc3 Bb4 5.Qb3 Qe7 6.a3 Bxc3+ 7.Qxc3 Bb7 8.e3 O-O
9.Be2 d6 10.O-O Nbd7 11.b4 Ne4  1/2-1/2

[Event "ch-Kyiv"]
[Site "Kyiv UKR"]
[Date "2007.01.26"]
[Round "7"]
[White "Lebed,P"]
[Black "Moiseev,Ig"]
[Result "0-1"]
[WhiteElo "2088"]
[BlackElo "2236"]

1.d4 Nf6 2.Nf3 e6 3.c4 b6 4.Nc3 Bb7 5.Qc2 d5 6.cxd5 exd5 7.Bg5 Be7 8.e3 Nbd7
9.Bd3 h6 10.Bh4 O-O 11.O-O Re8 12.Rfe1 c5 13.Qe2 a6 14.Ne5 Nxe5 15.dxe5 Ne4
16.Bxe7 Qxe7 17.f4 b5 18.Rac1 Rac8 19.a4 Nxc3 20.Rxc3 b4 21.Rcc1 c4 22.Bf5 Rc7
23.Bg4 a5 24.Red1 Rb8 25.Rd4 Qe8 26.b3 c3 27.Bf3 Rc5 28.Qc2 f6 29.Qf5 fxe5
30.fxe5 Bc8 31.Qd3 Qxe5 32.Bxd5+ Be6 33.e4 Re8 34.Bxe6+ Rxe6 35.Rd8+ Kh7
36.Rd5 Rxd5 37.exd5+ Qe4 38.Qxe4+ Rxe4 39.Rd1 Kg6 40.Kf2 Kf6 41.d6 Re8 42.Rd5 Ke6
43.d7 Rf8+  0-1

[Event "5th I Platonov Mem"]
[Site "Kyiv UKR"]
[Date "2007.02.04"]
[Round "3"]
[White "Kruppa,Y"]
[Black "Pavlov,S2"]
[Result "0-1"]
[WhiteElo "2531"]
[BlackElo "2414"]

1.d4 Nf6 2.c4 e6 3.Nf3 b6 4.Nc3 Bb7 5.a3 d5 6.cxd5 Nxd5 7.Qc2 Be7 8.e4 Nxc3
9.bxc3 O-O 10.Bd3 c5 11.Bb2 Qc8 12.e5 h6 13.Qe2 cxd4 14.Nxd4 Nd7 15.O-O Nc5
16.Bc2 Rd8 17.c4 a6 18.Qg4 Rd7 19.Rfe1 Qd8 20.Rad1 Bf8 21.h4 g6 22.h5 Qg5
23.Qxg5 hxg5 24.hxg6 Rad8 25.gxf7+ Kxf7 26.Kh2 Bg7 27.Kh3 Rh8+ 28.Kg3 g4
29.f4 gxf3 30.Nxf3 Rg8 31.Rxd7+ Nxd7 32.Kf2 Rh8 33.Be4 Bxe4 34.Rxe4 Nc5 35.Rf4+ Ke7
36.Ke2 Rh1 37.Bd4 Nd7 38.Rg4 Bf8 39.Ne1 Kf7 40.Rf4+ Ke8 41.Bb2 Nc5 42.Bc3 a5
43.Bd2 Nb3 44.Be3  0-1

[Event "ch-CZE"]
[Site "Praha CZE"]
[Date "2007.02.08"]
[Round "3"]
[White "Stocek,J"]
[Black "Voloshin,L"]
[Result "1-0"]
[WhiteElo "2566"]
[BlackElo "2446"]

1.d4 Nf6 2.c4 e6 3.Nf3 b6 4.Nc3 Bb7 5.Bf4 Bb4 6.Qb3 a5 7.e3 d6 8.Bd3 Ne4
9.O-O Bxc3 10.bxc3 O-O 11.Rad1 Qe7 12.Rfe1 Nd7 13.Bxe4 Bxe4 14.Nd2 f5 15.Nxe4 fxe4
16.Qc2 Nf6 17.Rb1 Qd7 18.c5 bxc5 19.dxc5 Qc6 20.cxd6 cxd6 21.h3 Rfc8 22.Rec1 Nd7
23.Qe2 Nc5 24.Rb5 Rab8 25.c4 Nd3 26.Rcb1 Rxb5 27.cxb5 Qb6 28.a4 d5 29.Bg3 Rc4
30.Qh5 h6 31.Ra1 Kh7 32.Qf7 Rc2 33.Rd1 Rc8 34.h4 d4 35.exd4 Qxd4 36.Qxe6 Rf8
37.b6 Rxf2 38.Rxd3 exd3 39.Bxf2 d2 40.Bxd4 d1=Q+ 41.Kh2 Qxd4 42.Qf5+ g6 43.Qf7+ Kh8
44.Qf8+ Kh7 45.Qf7+ Kh8 46.Qf8+ Kh7 47.Qe7+ Kh8 48.b7 Qf4+ 49.Kg1 Qc1+ 50.Kf2 Qf4+
51.Ke2 Qc4+ 52.Kf3 Qd3+ 53.Kf2 Qd4+ 54.Kg3 Qc3+ 55.Kh2  1-0

[Event "TCh-FIN 2006-7"]
[Site "Turku FIN"]
[Date "2007.02.10"]
[Round "7"]
[White "Tuominen,R"]
[Black "Sammalvuo,N"]
[Result "1-0"]
[WhiteElo "2279"]
[BlackElo "2249"]

1.d4 Nf6 2.c4 e6 3.Nf3 b6 4.Nc3 Bb4 5.Bg5 h6 6.Bh4 Bb7 7.Nd2 c5 8.d5 exd5
9.cxd5 Qe7 10.Bxf6 Qxf6 11.e4 Bxc3 12.bxc3 Qxc3 13.Rc1 Qf6 14.Nc4 O-O 15.g3 d6
16.a4 Na6 17.Bg2 Nb4 18.Qb3 Ba6 19.O-O Rfb8 20.Rfd1 Bxc4 21.Qxc4 a6 22.f4 b5
23.Qb3 a5 24.e5 Qd8 25.e6 c4 26.exf7+ Kf8 27.Qf3 Nd3 28.Rc2 Qb6+ 29.Kf1 Ra7
30.Bh3 Rxf7 31.Be6 Rf6 32.Rxd3 cxd3 33.Qxd3 g6 34.Rc6 Qb7 35.Qc3 Rxe6 36.dxe6 bxa4
37.Qh8+ Ke7 38.Qg7+ Kxe6 39.Qxg6+ Ke7 40.Qxd6+ Ke8 41.Qg6+ Kd7 42.Qe6+  1-0

[Event "64th ch-GEO w"]
[Site "Tbilisi GEO"]
[Date "2007.03.04"]
[Round "3"]
[White "Purtseladze,M"]
[Black "Tsereteli,T"]
[Result "1/2-1/2"]
[WhiteElo "2308"]
[BlackElo "2334"]

1.d4 Nf6 2.c4 e6 3.Nf3 b6 4.Nc3 Bb4 5.Bg5 Bb7 6.Nd2 h6 7.Bh4 Bxc3 8.bxc3 g5
9.Bg3 d6 10.f3 Qe7 11.e4 Nbd7 12.c5 dxc5 13.Bxc7 Rc8 14.Bg3 cxd4 15.cxd4 Qb4
16.Bf2 Qb2 17.Bc4 g4 18.Rb1 Qc3 19.Qb3 Qa5 20.Qb4 Qxb4 21.Rxb4 Rg8 22.Ke2 Nh5
23.Be3 gxf3+ 24.gxf3 Rg2+ 25.Kd1 a5 26.Rb5 Ba6 27.Bf1 Bxb5 28.Bxg2 Ba4+ 29.Ke2 Bb5+
30.Kf2 Rc2 31.Ra1 e5 32.dxe5 Nxe5 33.a4 Ba6 34.Bxh6 Nd3+ 35.Ke3 Nc5 36.Bf1 Bxf1
37.Nxf1 Rc4 38.Nd2 Rb4 39.e5 Rh4 40.Bg5 Rxh2 41.Ne4 Nxe4 42.Kxe4 Re2+ 43.Kd5 f6
44.exf6 Kf7 45.Rc1 Nxf6+ 46.Kc6 Re6+ 47.Kb7 Nd5 48.Rc4 Rd6 49.Rh4 Ke6 50.Rh6+ Kd7
51.Rh7+ Ke6 52.f4 Rd7+ 53.Rxd7 Kxd7 54.f5 Nc3 55.Kxb6 Nxa4+ 56.Kxa5 Nc5 57.Kb5 Ne4
58.Bf4 Nd6+  1/2-1/2

[Event "I Open"]
[Site "La Laguna ESP"]
[Date "2007.03.07"]
[Round "4"]
[White "Diaz Franco,F"]
[Black "Perez Celis,A"]
[Result "1/2-1/2"]
[WhiteElo "2078"]
[BlackElo "1752"]

1.Nf3 Nf6 2.d4 e6 3.c4 b6 4.Nc3 Bb7 5.Qc2 Bb4 6.Bg5 Bxc3+ 7.Qxc3 d5 8.e3 Nbd7
9.cxd5 Bxd5 10.Be2 O-O 11.O-O Ne4 12.Bxd8 Nxc3 13.bxc3 Rfxd8 14.c4 Bb7 15.a4 a5
16.Rfb1 Ba6 17.e4 f6 18.d5 e5 19.Nd2 Nc5 20.f3 Rab8 21.Kf2 Kf7 22.Nf1 Rd7
23.Ne3 g6 24.h4 Rdd8 25.Nd1 Bc8 26.Nc3 Ba6 27.Ke3 Rd7 28.g3 Bc8 29.Rb2 Ba6
30.Rab1 Rdd8 31.Bf1 Rb7 32.Ra1  1/2-1/2